000
00324 a2200109 4500
001
ART_44628
005
20260410161629.0
008
260409a
245
1
0
_a
Normas contables aplicables en los negocios conjuntos
100
1
_a
Torres, Carlos Federico
773
0
_t
Enfoques
_g
- NÂș 11 (nov. 2017)
_w
REV416
999
_c
12321
_d
12321